000 00729cam a22002291 4500
001 he 68000947
003 DLC
005 20260227111456.0
008 870528s1967 is abc 000 0 heb
010 _ahe 68000947
035 _a(OCoLC)15743438
040 _aDLC
_cTxU
_dTxU
_dDLC
042 _apremarc
050 0 0 _aDS127
_b.M5
245 0 0 _aMilḥamah ve-nitsaḥon.
_c[ha-ʻOrekh: Naftali Arbel.
260 _aTel-Aviv] :
_bM. Mizraḥi
_c[1967]
300 _a215 p.
_billus., maps, ports.
_c31 cm.
500 _aOn verso of t. p.: War and victory.
501 _aIn case, as issued, with Milḥemet sheshet ha-yamim. [Tel-Aviv] M. Mizraḥi [1967]
650 0 _aIsrael-Arab War, 1967.
700 1 _aArbel, Naftali,
_eed.
999 _c33159
_d33159